| 000 | 00958nac a22002891i 4500 | ||
|---|---|---|---|
| 003 | EG-ScBUE | ||
| 005 | 20250617101537.0 | ||
| 008 | 250617s2003 enka f b 001 0 eng d | ||
| 020 | _a058235692X (pbk.) | ||
| 020 | _a9780582356924 | ||
| 040 |
_aEG-ScBUE _beng _erda _cEG-ScBUE _dEG-ScBUE |
||
| 082 | 0 | 4 |
_a539 _222 _bBRA |
| 100 | 1 |
_aBransden, B. H., _eautor. |
|
| 245 | 1 | 0 |
_aPhysics of atoms and molecules / _cB. H. Bransden and C. J. Joachain. |
| 250 | _aSecond edition. | ||
| 264 | 1 |
_aHarlow, England ; _aNew York : _bPrentice Hall, _c2003. |
|
| 300 |
_axiv, 1114 pages : _billustrations ; _c24 cm |
||
| 336 |
_2rdacontent _atext _btxt |
||
| 337 |
_aunmediated _2rdamedia _bn |
||
| 338 |
_avolume _bnc _2rdacarrier |
||
| 504 | _aIncludes bibliographical references and index. | ||
| 650 | 7 |
_aAtoms. _2BUEsh |
|
| 650 | 7 |
_aMolecules. _2BUEsh |
|
| 655 | _vReading book | ||
| 700 | 1 |
_aJoachain, C. J. _q(Charles Jean) _eauthor. |
|
| 942 |
_cBB _2ddc |
||
| 999 |
_c2088 _d2088 |
||